| LEADER |
01505nam0a2200229 450 |
| 001 |
16862729 |
| 010 |
|
|
|a 978-2-88480-571-1
|b ensemble
|d 4,9
|
| 100 |
|
|
|a 20240102d2011 u u0frey01 ba
|
| 101 |
0 |
|
|a fre
|
| 102 |
|
|
|a CH
|
| 200 |
0 |
|
|a Max et lili veulent éduquer leurs parents
|f Dominique de Saint Mars, Serge Bloch
|
| 207 |
|
1 |
|a
|
| 210 |
|
|
|a Paris
|b Suisse
|c Calligram
|d 2011
|
| 215 |
|
|
|a 1 vol. (43 p.)
|c ill. en coul.
|d 12x16 cm
|
| 225 |
1 |
|
|a Max et Lili
|v 93
|
| 330 |
|
|
|a Le dernier jour des vacances, Lili est privée de baignade. Elle trouve cette punition injuste. Et avec sa mère stressée par la rentrée, c'en est trop ! Lili décrète que ses parents ne sont pas à la hauteur... Avec Max, elle prend leur éducation en main ! Ce livre de Max et Lili parle de l'éducation des parents. On y découvre ce qui fait souffrir les enfants : le divorce, la tristesse d'un père ou d'une mère... et ce dont ils rêvent : des parents heureux qui guident et font confiance... S'il ne donne pas la recette des parents parfaits, ce livre peut permettre aux enfants d'améliorer leurs parents et aux parents de tenir bon... Bref, de se parler, de se comprendre et de devenir presque parfaits...
|
| 461 |
|
0 |
|t Ainsi va la vie
|v 93
|
| 700 |
|
0 |
|a Saint Mars
|b Dominique de
|c Auteur du texte
|f 1949-....
|4 70
|
| 702 |
|
0 |
|a Bloch
|b Serge
|c Illustrateur
|f 1956-....
|4 440
|
| 900 |
|
|
|a Roman (enfants)
|
| 901 |
|
|
|a Jeunesse
|
| 995 |
|
|
|a Médiathèque
|c Médiathèque
|f 089020024
|h 089020024
|k E SAI
|o p
|q j
|r az
|e Médiathèque
|